000
00391nam a2200133Ia 4500
008
100328s9999 xx 000 0 und d
082
_b
64289
100
_a
वैद्य संगीता.
245
_a
गवसणी आकाशा.
260
_b
माुश्री.
630
_a
गवसणी आकाशा.
730
_a
गवसणी आकाशा.
942
_c
BOOK
999
_c
550087
_d
550084